An introduction to art activities /

Bibliographic Details
Main Author: Wickiser, Ralph Lewanda, 1909-
Format: Book
Language:English
Published: New York : Greenwood Press, [1969]
Subjects:

MARC

Tag First Indicator Second Indicator Subfields
LEADER 00000cam a2200000 4500
001 in00000193613
005 20151009051521.0
008 700427c19691947nyua 00110 eng
010 |a  74094598  
020 |a 0837125677 
035 |a (OCoLC)00066664 
035 |9 AAV6195AM 
040 |a DLC  |c DLC  |d TXA  |d UtOrBLW 
049 |a TXAM  |c [850664] 
050 0 0 |a N87  |b .W5 1969 
082 0 |a 702/.02 
100 1 |a Wickiser, Ralph Lewanda,  |d 1909- 
245 1 3 |a An introduction to art activities /  |c [by] Ralph L. Wickiser. 
264 1 |a New York :  |b Greenwood Press,  |c [1969] 
264 4 |c [©1947] 
300 |a vii, 275 pages :  |b illustrations ;  |c 24 cm. 
336 |a text  |b txt  |2 rdacontent 
337 |a unmediated  |b n  |2 rdamedia 
338 |a volume  |b nc  |2 rdacarrier 
650 0 |a Art  |v Outlines, syllabi, etc. 
740 0 |a Art activities. 
999 |a MARS 
999 f f |s dc118c3e-1d91-3829-b576-638650020848  |i 7422a665-861c-3211-96ba-9b23322232e4  |t 0 
952 f f |p normal  |a Texas A&M University  |b College Station  |c Sterling C. Evans Library  |d Evans: Library Stacks  |t 0  |e N87 .W5 1969  |h Library of Congress classification  |i unmediated -- volume  |m A14803378239 
998 f f |a N87 .W5 1969  |t 0  |l Evans: Library Stacks